000 00657nab a2200181 4500
001 244442
003 OSt
005 20231219122935.0
007 tu
008 200917s2020|||||||
040 _aDE-2950
_cDE-2950
245 0 0 _aKältebus tourt wieder durch die Stadt
_bObdachlosigkeit. Wenn Minusgrade herrschen, kümmern sich die Ehrenamtler vom DRK-Kältebus um Menschen ohne Wohnung. Weshalb einige weiterhin draußen ausharren,, erzählt einer der Helfer
_cPhilipp Stepputtis
264 _c2023
653 _aFrankfurt (Oder)
653 _aKältebus
773 0 _g34. Jahrgang (2023) Nr. 286 vom 8.12.2023, S. 15,
_tMärkische Oderzeitung
942 _2z
_cA
999 _c372869
_d372869